|
|
|
|
| LEADER |
00827ncm a22002292a 4500 |
| 001 |
000290590 |
| 003 |
CZ BrMZK |
| 005 |
20111209130358.0 |
| 008 |
980105s1900 xxk f fre d |
| 040 |
|
|
|a BOA001
|b cze
|
| 072 |
|
7 |
|a 786
|x Hudba pro klávesové nástroje
|2 Konspekt
|9 9
|
| 100 |
1 |
|
|a Pachelbel, Johann,
|d 1653-1706
|7 jn19990006331
|4 cmp
|
| 245 |
1 |
0 |
|a Chant de Noël
|h [hudebnina] /
|c Johann Pachelbel ; publ. et ann. par Alexandre Guilmant
|
| 260 |
|
|
|a London :
|b Schott,
|c 1900
|
| 300 |
|
|
|a 7 s.
|
| 490 |
1 |
|
|a École classique de l'orgue ;
|v 5
|
| 700 |
1 |
|
|a Guilmant, Alexandre,
|d 1837-1911
|7 mzk2003182494
|4 adp
|
| 830 |
|
0 |
|a École classique de l'orgue
|
| 910 |
|
|
|a BOA001
|b Mus4-0314.038
|
| 990 |
|
|
|a MU
|
| 991 |
|
|
|b 201012
|
| 996 |
6 |
|
|b 2619883203
|c Mus4-0314.038
|l MZK
|r Sklad / do 1 hodiny
|n 4
|w 000290590
|u 000010
|a 1
|e BOA001
|j MZK50
|s P
|